[Event "Fortaleza Monte Cup"]
[Site "Fortaleza"]
[Date "2017.04.21"]
[Round "1"]
[White "Dias Ribeiro, Pedro Roney"]
[Black "Carneiro Gondim, Ibrahim Mendelssohn"]
[Result "0-1"]
[WhiteElo "1711"]
[BlackElo "1871"]
[PlyCount "102"]
[EventDate "2017.04.21"]
[EventType "swiss"]
[EventRounds "6"]
[EventCountry "BRA"]
[SourceTitle "CBM 178 Extra"]
[Source "ChessBase"]
[SourceDate "2017.06.22"]
[SourceVersion "1"]
[SourceVersionDate "2017.06.22"]
[SourceQuality "1"]

1. Nf3 d5 2. g3 f5 3. Bg2 Nf6 4. d3 Nbd7 5. Bf4 e6 6. 0-0 Be7 7. c4 0-0 8. cxd5 exd5 9. a3 Nh5 10. Be3 Bf6 11. Bd4 c6 12. Nc3 g6 13. Rc1 Bxd4 14. Nxd4 Ne5 15. Qb3 Nf6 16. Na4 Kh8 17. Nc5 Qe7 18. Rc2 Nfd7 19. Nce6 Rf6 20. Qc3 Kg8 21. Nc7 Rb8 22. Bxd5+ cxd5 23. Nxd5 Qf7 24. Nxf6+ Qxf6 25. Rfc1 Qb6 26. Qb3+ Qxb3 27. Nxb3 Nb6 28. Nc5 Nc6 29. Rd2 Nd4 30. Rc3 Nd5 31. Rc4 Ne6 32. Rdc2 Nxc5 33. Rxc5 Be6 34. Kg2 Nf6 35. Kf3 Bd5+ 36. Kf4 Bc6 37. d4 Re8 38. Re5 Rd8 39. Rd2 Kf7 40. h3 Ne4 41. Rc2 Rxd4 42. e3 Rd6 43. f3 Nf6 44. g4 h6 45. gxf5 gxf5 46. Rxf5 Kg6 47. Ra5 Nd5+ 48. Ke5 Rd8 49. Rd2 Re8+ 50. Kd6 Nxe3 51. Rc5 Rd8+ 0-1